Bulletin of Indian vacuum society (Record no. 59856)
[ view plain ]
| 000 -LEADER | |
|---|---|
| fixed length control field | 00352nam a22001217a 4500 |
| 008 - FIXED-LENGTH DATA ELEMENTS--GENERAL INFORMATION | |
| fixed length control field | 230828b |||||||| |||| 00| 0 eng d |
| 022 ## - INTERNATIONAL STANDARD SERIAL NUMBER | |
| International Standard Serial Number | 0970-2334 |
| 040 ## - CATALOGING SOURCE | |
| Original cataloging agency | National Science Library |
| Transcribing agency | National Science Library |
| 245 ## - TITLE STATEMENT | |
| Title | Bulletin of Indian vacuum society |
| 260 ## - PUBLICATION, DISTRIBUTION, ETC. | |
| Place of publication, distribution, etc. | Bombay: |
| Name of publisher, distributor, etc. | Indian Vacuum Society, |
| Date of publication, distribution, etc. | 1998 |
| 310 ## - CURRENT PUBLICATION FREQUENCY | |
| Current publication frequency | Quarterly |
| 942 ## - ADDED ENTRY ELEMENTS (KOHA) | |
| Koha item type | Continuing Resources |
| Withdrawn status | Lost status | Materials specified (bound volume or other part) | Damaged status | Not for loan | Home library | Current library | Shelving location | Date acquired | Total Checkouts | Barcode | Date last seen | Price effective from | Koha item type |
|---|---|---|---|---|---|---|---|---|---|---|---|---|---|
| Vol. 6-8 (1-4), 2003-05 | National Science Library | National Science Library | FF/Rk-5/C-8/R-1 | 13/01/2015 | 249447 | 28/08/2023 | 13/01/2015 | Continuing Resources | |||||
| Vol. 1-2, NOS. 1-4, 1998-99 | National Science Library | National Science Library | FF/Rk-5/C-8/R-1 | 13/01/2015 | 150650 | 12/06/2024 | 13/01/2015 | Continuing Resources |